| 000 | 01085njm a22002657a 4500 | ||
|---|---|---|---|
| 005 | 20100907133445.0 | ||
| 007 | sd ammalaaahaa | ||
| 008 | 100907t xxu||||| |||| 00| 0 hin d | ||
| 028 |
_aN. 74597 _bHis Master Voice |
||
| 035 | _aGR-00968 | ||
| 040 | _aSED/VEN | ||
| 100 |
_aAsha _91184 |
||
| 245 |
_aGharana : _bHindustani / _cby Asha & Shamshad ; lyric by Shakeel Badayuni ; music by Ravi _h[sound recording] : |
||
| 246 | _aघराना (आशा ) | ||
| 260 |
_aDum Dum India _bHis Master Voice |
||
| 300 |
_a1 sound disc [Gramophone record] : _banalog, 33 1/3 rpm _c10 in. _fGramophone Record |
||
| 500 | _aBrief Record | ||
| 505 | _aMere banne ki baat na puchhi part 1,2 (Gharana) (Asha) मेरे बन्ने की बात न पूछी पार्ट 1,2 (घराना ) (आशा ) | ||
| 650 |
_aClassical Music _xExcerpts _zIndia _918740 |
||
| 700 |
_aShamshad _918741 |
||
| 700 |
_aShakeel Badayuni _918742 |
||
| 700 |
_918749 _aRavi |
||
| 942 |
_2ddc _cBN |
||
| 999 |
_c44308 _d44308 |
||